Statystyki dla Oryginalne nazwy gier

Kliknij tutaj aby rozwiązać quiz!

Ogólne statystyki

  • Ten quiz został rozwiązany 41 razy
  • Średni wynik to 3 z 12

Statystyki odpowiedzi

PrztłumaczoneOrginlne% Poprawnych
czerwony martwy odkupienieRed dead redemption
94%
dni minęłydays gone
58%
upadek tytanaTitanfall
48%
twardy zachódhard west
45%
martwe komórkiDead Cells
39%
plaga opowieść niewinnośća plague tale innocence
18%
z powrotem cztery krwiBack 4 blood
18%
śmierć na mieliźniedeath stranding
12%
daleko nowy świtFar Cry new dawn
6%
krwionośnybloodborne
3%
taktyka biegówGears tactics
3%
przodkowie ludzkości odysejaancestors humankind odyssey
0%

Rozkład punktacji

Percentyl według liczby udzielonych odpowiedzi

Procent ludzi z każdym wynikiem

Twoja historia wyników

Nie rozwiązałeś tego quizu